000
00286nam a2200109Ia 4500
008
200302s9999 xx 000 0 und d
100
_a
Isabel Kuhl and Others
245
_a
Architecture the Groundbreaking Moments
260
_b
Prestel Publishing Ltd.
260
_c
2012
300
_a
191 P.,
999
_c
4051
_d
4051